[Event "DEM U12w 2021"]
[Site "Willingen GER"]
[Date "2021.08.27"]
[Round "7"]
[White "Abram, Kristina-Maria"]
[Black "Kutz, Ida Klara"]
[Result "0-1"]
[Termination "normal"]
[Board "15"]
[WhiteElo "1009"]
[BlackElo "1258"]
[WhiteClock "00:50:02"]
[BlackClock "00:38:46"]
[PlyCount "98"]
[WhiteFideId "16298349"]
[BlackFideId "16296257"]
[EventCountry "GER"]
[EventRounds "9"]
[EventType "swiss"]
[EventDate "2021.08.22"]

1. e4 {[%clk 1:30:56]} c5 {[%clk 1:30:50]} 2. Nc3 {[%clk 1:28:24]} e6 {[%clk
1:31:07]} 3. g3 {[%clk 1:26:32]} d6 {[%clk 1:31:14]} 4. Bg2 {[%clk 1:25:10]}
Nf6 {[%clk 1:31:15]} 5. f4 {[%clk 1:23:28]} g6 {[%clk 1:29:03]} 6. Nf3 {[%clk
1:22:04]} Bg7 {[%clk 1:28:33]} 7. d3 {[%clk 1:21:02]} Nc6 {[%clk 1:28:02]} 8.
O-O {[%clk 1:20:09]} O-O {[%clk 1:25:33]} 9. h3 {[%clk 1:19:48]} h5 {[%clk
1:23:37]} 10. Qe1 {[%clk 1:15:39]} Nh7 {[%clk 1:21:13]} 11. g4 {[%clk 1:14:35]}
hxg4 {[%clk 1:18:05]} 12. hxg4 {[%clk 1:14:45]} Nd4 {[%clk 1:17:37]} 13. Nxd4
{[%clk 1:12:30]} Bxd4+ {[%clk 1:17:29]} 14. Be3 {[%clk 1:12:43]} Bxe3+ {[%clk
1:16:26]} 15. Qxe3 {[%clk 1:12:49]} e5 {[%clk 1:14:43]} 16. f5 {[%clk 1:09:51]}
Qg5 {[%clk 1:14:27]} 17. Qxg5 {[%clk 1:07:53]} Nxg5 {[%clk 1:14:41]} 18. fxg6
{[%clk 1:07:52]} fxg6 {[%clk 1:11:58]} 19. Rxf8+ {[%clk 1:07:45]} Kxf8 {[%clk
1:12:04]} 20. Rf1+ {[%clk 1:05:52]} Kg7 21. Nb5 {[%clk 1:03:58]} Bxg4 {[%clk
1:04:03]} 22. Nxd6 {[%clk 1:03:36]} b6 {[%clk 1:02:42]} 23. c3 {[%clk 1:02:12]}
Nh3+ {[%clk 1:02:01]} 24. Bxh3 {[%clk 1:01:17]} Bxh3 {[%clk 1:02:14]} 25. Rf7+
{[%clk 1:00:45]} Kg8 {[%clk 1:01:15]} 26. Re7 {[%clk 1:00:24]} Rd8 {[%clk
1:01:05]} 27. Nb5 {[%clk 0:59:03]} Rxd3 {[%clk 0:59:09]} 28. Rxe5 {[%clk
0:59:01]} a5 {[%clk 0:57:54]} 29. Rd5 {[%clk 0:57:57]} Rxd5 {[%clk 0:57:06]}
30. exd5 {[%clk 0:58:13]} Kf7 {[%clk 0:56:19]} 31. Kf2 {[%clk 0:57:21]} Ke7
{[%clk 0:54:06]} 32. Kg3 {[%clk 0:56:07]} Bd7 {[%clk 0:53:18]} 33. a4 {[%clk
0:55:08]} Bxb5 {[%clk 0:52:51]} 34. axb5 {[%clk 0:55:23]} c4 {[%clk 0:53:03]}
35. Kf4 {[%clk 0:53:07]} Kd6 {[%clk 0:52:44]} 36. Ke4 {[%clk 0:52:05]} g5
{[%clk 0:52:47]} 37. Kf5 {[%clk 0:51:50]} Kxd5 {[%clk 0:52:05]} 38. Kxg5 {[%clk
0:51:57]} Kc5 {[%clk 0:52:24]} 39. Kf4 {[%clk 0:52:04]} Kxb5 {[%clk 0:51:11]}
40. Ke3 {[%clk 0:52:15]} Ka4 {[%clk 0:49:38]} 41. Kd2 {[%clk 0:52:34]} Kb3 42.
Kc1 {[%clk 0:52:43]} b5 {[%clk 0:49:17]} 43. Kb1 {[%clk 0:52:52]} b4 {[%clk
0:47:54]} 44. cxb4 {[%clk 0:53:01]} axb4 {[%clk 0:48:00]} 45. Kc1 {[%clk
0:52:44]} Ka2 {[%clk 0:41:54]} 46. Kc2 {[%clk 0:52:48]} b3+ {[%clk 0:41:07]}
47. Kc3 {[%clk 0:51:07]} Kb1 {[%clk 0:39:54]} 48. Kxc4 {[%clk 0:50:05]} Kxb2
{[%clk 0:38:41]} 49. Kd3 {[%clk 0:50:02]} Kc1 {[%clk 0:38:46]} 0-1

[Event "DEM U12w 2021"]
[Site "Willingen GER"]
[Date "2021.08.27"]
[Round "7"]
[White "Krasikova, Milana"]
[Black "Tran, Hanna Emilie Mai Hoa"]
[Result "1/2-1/2"]
[Termination "normal"]
[Board "16"]
[WhiteElo "1244"]
[BlackElo "1077"]
[WhiteClock "00:02:14"]
[BlackClock "00:33:19"]
[PlyCount "80"]
[WhiteFideId "16287347"]
[BlackFideId "16267869"]
[EventCountry "GER"]
[EventRounds "9"]
[EventType "swiss"]
[EventDate "2021.08.22"]

1. e4 {[%clk 1:30:59]} g6 {[%clk 1:30:55]} 2. d4 {[%clk 1:31:14]} Bg7 {[%clk
1:31:17]} 3. Nf3 {[%clk 1:30:45]} c6 {[%clk 1:31:28]} 4. Nc3 {[%clk 1:29:49]}
d5 {[%clk 1:31:47]} 5. Bd3 {[%clk 1:25:29]} dxe4 {[%clk 1:31:53]} 6. Bxe4
{[%clk 1:21:42]} Nf6 {[%clk 1:31:22]} 7. O-O {[%clk 1:18:36]} O-O {[%clk
1:31:18]} 8. Re1 {[%clk 1:14:54]} Nbd7 {[%clk 1:28:49]} 9. Bf4 {[%clk 1:13:06]}
Nxe4 {[%clk 1:28:32]} 10. Nxe4 {[%clk 1:10:14]} Nf6 {[%clk 1:28:41]} 11. c3
{[%clk 1:01:20]} Nxe4 {[%clk 1:25:02]} 12. Rxe4 {[%clk 1:00:44]} Bf5 {[%clk
1:24:59]} 13. Re1 {[%clk 0:59:10]} Re8 {[%clk 1:20:42]} 14. Qd2 {[%clk
0:55:08]} Bg4 {[%clk 1:16:58]} 15. Qe3 {[%clk 0:50:06]} Qd5 {[%clk 1:14:32]}
16. Ne5 {[%clk 0:44:45]} Bd7 {[%clk 1:03:29]} 17. Nxd7 {[%clk 0:39:01]} Qxd7
{[%clk 1:03:09]} 18. Rad1 {[%clk 0:38:33]} f6 {[%clk 0:51:00]} 19. b3 {[%clk
0:30:24]} g5 {[%clk 0:50:43]} 20. Bg3 {[%clk 0:30:25]} Bh6 {[%clk 0:47:32]} 21.
Qe6+ {[%clk 0:27:28]} Qxe6 {[%clk 0:47:11]} 22. Rxe6 {[%clk 0:27:42]} Kf7
{[%clk 0:47:28]} 23. Rde1 {[%clk 0:25:50]} Rac8 {[%clk 0:45:23]} 24. f3 {[%clk
0:22:15]} b6 {[%clk 0:44:29]} 25. Bf2 {[%clk 0:19:53]} g4 {[%clk 0:42:03]} 26.
R6e2 {[%clk 0:10:47]} gxf3 {[%clk 0:40:32]} 27. gxf3 {[%clk 0:11:06]} Rg8+
{[%clk 0:40:52]} 28. Kf1 {[%clk 0:11:02]} Rce8 {[%clk 0:40:23]} 29. Be3 {[%clk
0:09:19]} Rg6 {[%clk 0:38:51]} 30. c4 {[%clk 0:06:56]} Bxe3 {[%clk 0:37:47]}
31. Rxe3 {[%clk 0:07:15]} f5 {[%clk 0:37:23]} 32. f4 {[%clk 0:06:57]} e6 {[%clk
0:37:15]} 33. d5 {[%clk 0:05:59]} cxd5 {[%clk 0:37:01]} 34. cxd5 {[%clk
0:06:15]} h5 {[%clk 0:36:51]} 35. dxe6+ {[%clk 0:05:28]} Rexe6 {[%clk 0:35:44]}
36. Rxe6 {[%clk 0:05:45]} Rxe6 {[%clk 0:36:08]} 37. Rxe6 {[%clk 0:05:26]} Kxe6
{[%clk 0:36:33]} 38. Ke2 {[%clk 0:04:07]} a6 {[%clk 0:35:59]} 39. b4 {[%clk
0:03:25]} b5 {[%clk 0:33:19]} 40. h4 {[%clk 0:02:14]} Kd6 1/2-1/2

[Event "DEM U12w 2021"]
[Site "Willingen GER"]
[Date "2021.08.27"]
[Round "7"]
[White "Stepanjan, Tatevik Mia"]
[Black "Chandrasekher, Ritu"]
[Result "0-1"]
[Termination "normal"]
[Board "17"]
[WhiteElo "1170"]
[BlackElo "1197"]
[WhiteClock "00:34:22"]
[BlackClock "00:52:04"]
[PlyCount "114"]
[WhiteFideId "16246128"]
[BlackFideId "34609024"]
[EventCountry "GER"]
[EventRounds "9"]
[EventType "swiss"]
[EventDate "2021.08.22"]

1. e4 {[%clk 1:30:57]} e5 {[%clk 1:30:54]} 2. Nf3 {[%clk 1:31:05]} Nc6 {[%clk
1:31:18]} 3. Bc4 {[%clk 1:31:13]} Bc5 {[%clk 1:31:32]} 4. c3 {[%clk 1:31:02]}
Nf6 {[%clk 1:31:25]} 5. d4 {[%clk 1:30:47]} exd4 {[%clk 1:31:01]} 6. cxd4
{[%clk 1:30:54]} Bb4+ {[%clk 1:29:54]} 7. Bd2 {[%clk 1:30:22]} Nxe4 {[%clk
1:29:20]} 8. Bxb4 {[%clk 1:29:58]} Nxb4 {[%clk 1:28:09]} 9. Bxf7+ {[%clk
1:29:40]} Kxf7 {[%clk 1:22:19]} 10. Qb3+ {[%clk 1:29:51]} d5 {[%clk 1:22:18]}
11. Ne5+ {[%clk 1:28:51]} Kf6 {[%clk 1:18:10]} 12. Qxb4 {[%clk 1:28:30]} Qd6
{[%clk 1:13:49]} 13. Qxd6+ {[%clk 1:27:44]} cxd6 {[%clk 1:13:48]} 14. Nd3
{[%clk 1:26:51]} Re8 {[%clk 1:13:05]} 15. O-O {[%clk 1:26:41]} Kf7 {[%clk
1:12:34]} 16. f3 {[%clk 1:24:34]} Nf6 {[%clk 1:12:09]} 17. Re1 {[%clk 1:21:44]}
Bf5 {[%clk 1:11:44]} 18. Rxe8 {[%clk 1:20:14]} Rxe8 {[%clk 1:11:38]} 19. Nf4
{[%clk 1:15:52]} Re1+ {[%clk 1:11:32]} 20. Kf2 {[%clk 1:15:02]} Rxb1 {[%clk
1:11:42]} 21. Rxb1 {[%clk 1:14:21]} Bxb1 {[%clk 1:11:48]} 22. a3 {[%clk
1:12:50]} a5 {[%clk 1:10:12]} 23. g4 {[%clk 1:12:29]} g5 {[%clk 1:09:37]} 24.
Ng2 {[%clk 1:07:23]} Kg6 {[%clk 1:06:36]} 25. h4 {[%clk 1:05:35]} h5 {[%clk
1:05:02]} 26. hxg5 {[%clk 1:04:14]} Kxg5 {[%clk 1:03:58]} 27. gxh5 {[%clk
1:04:11]} Kxh5 {[%clk 1:03:31]} 28. Nf4+ {[%clk 1:00:04]} Kg5 {[%clk 1:03:12]}
29. Kg3 {[%clk 0:56:09]} Nh5+ {[%clk 1:00:32]} 30. Nxh5 {[%clk 0:55:31]} Kxh5
{[%clk 1:00:54]} 31. b4 {[%clk 0:55:13]} axb4 {[%clk 1:00:52]} 32. axb4 {[%clk
0:55:35]} b5 {[%clk 1:00:51]} 33. Kf4 {[%clk 0:53:09]} Kg6 {[%clk 0:59:24]} 34.
Kg4 {[%clk 0:52:49]} Kf6 {[%clk 0:56:17]} 35. Kf4 {[%clk 0:52:27]} Bf5 {[%clk
0:56:31]} 36. Ke3 {[%clk 0:51:45]} Kg5 37. Kf2 {[%clk 0:50:39]} Kf4 {[%clk
0:56:48]} 38. Ke2 {[%clk 0:49:33]} Be4 {[%clk 0:56:11]} 39. fxe4 {[%clk
0:44:42]} Kxe4 {[%clk 0:54:10]} 40. Kd1 {[%clk 0:40:57]} Kxd4 {[%clk 0:53:32]}
41. Kd2 {[%clk 0:41:21]} Kc4 {[%clk 0:53:09]} 42. Kc2 {[%clk 0:40:03]} d4
{[%clk 0:52:04]} 43. Kc1 {[%clk 0:38:48]} Kxb4 {[%clk 0:52:07]} 44. Kb2 {[%clk
0:38:48]} d3 {[%clk 0:52:02]} 45. Kc1 {[%clk 0:38:44]} Kc3 {[%clk 0:52:02]} 46.
Kd1 {[%clk 0:38:54]} d2 {[%clk 0:51:47]} 47. Ke2 {[%clk 0:36:54]} Kc2 {[%clk
0:51:31]} 48. Ke3 {[%clk 0:36:51]} d1=Q {[%clk 0:51:41]} 49. Ke4 {[%clk
0:36:45]} b4 {[%clk 0:51:04]} 50. Kf5 {[%clk 0:36:18]} Qe2 {[%clk 0:51:02]} 51.
Kf4 {[%clk 0:36:20]} Kd3 {[%clk 0:51:15]} 52. Kf5 {[%clk 0:35:09]} Qe4+ {[%clk
0:51:05]} 53. Kf6 {[%clk 0:35:09]} Kd4 {[%clk 0:51:14]} 54. Kg7 {[%clk
0:35:03]} Qf5 {[%clk 0:51:27]} 55. Kh8 {[%clk 0:34:23]} Qg5 {[%clk 0:51:23]}
56. Kh7 {[%clk 0:34:19]} Ke5 {[%clk 0:51:44]} 57. Kh8 {[%clk 0:34:22]} Kf6
{[%clk 0:52:04]} 0-1

[Event "DEM U12w 2021"]
[Site "Willingen GER"]
[Date "2021.08.27"]
[Round "7"]
[White "Vogt, Luna"]
[Black "Zhou, Jenny"]
[Result "1/2-1/2"]
[Termination "normal"]
[Board "18"]
[WhiteElo "1147"]
[BlackElo "1268"]
[WhiteClock "00:15:27"]
[BlackClock "00:04:28"]
[PlyCount "56"]
[WhiteFideId "34607153"]
[BlackFideId "16280229"]
[EventCountry "GER"]
[EventRounds "9"]
[EventType "swiss"]
[EventDate "2021.08.22"]

1. d4 {[%clk 1:30:59]} d5 {[%clk 1:30:53]} 2. c4 {[%clk 1:31:26]} e6 {[%clk
1:31:15]} 3. Nf3 {[%clk 1:31:49]} Nf6 {[%clk 1:31:17]} 4. Nc3 {[%clk 1:30:38]}
c6 {[%clk 1:31:33]} 5. Bg5 {[%clk 1:30:47]} Nbd7 {[%clk 1:31:34]} 6. e3 {[%clk
1:27:56]} Qa5 {[%clk 1:29:16]} 7. Nd2 {[%clk 1:18:04]} dxc4 {[%clk 1:21:55]} 8.
Bxc4 {[%clk 1:10:10]} Qxg5 9. O-O e5 10. f4 {[%clk 1:09:59]} exf4 {[%clk
1:21:30]} 11. Rxf4 {[%clk 1:09:53]} Bd6 {[%clk 1:20:49]} 12. Nde4 {[%clk
1:08:33]} Nxe4 {[%clk 1:20:28]} 13. Nxe4 {[%clk 1:04:23]} Qh6 {[%clk 1:19:02]}
14. Nxd6+ {[%clk 1:03:37]} Qxd6 {[%clk 1:19:14]} 15. Bxf7+ {[%clk 1:03:40]} Kd8
{[%clk 1:19:26]} 16. Qg4 {[%clk 0:56:40]} g6 {[%clk 1:15:16]} 17. Qh4+ {[%clk
0:53:58]} Kc7 {[%clk 1:15:31]} 18. Qh6 {[%clk 0:53:24]} b6 {[%clk 1:12:25]} 19.
Rc1 {[%clk 0:44:22]} Qe7 {[%clk 1:10:48]} 20. e4 {[%clk 0:38:18]} Qf8 {[%clk
1:08:00]} 21. Qg5 {[%clk 0:36:01]} Qd8 {[%clk 0:57:13]} 22. Qg3 {[%clk
0:34:59]} Kb7 {[%clk 0:54:00]} 23. Qc3 {[%clk 0:33:34]} Qc7 {[%clk 0:50:04]}
24. Rf3 {[%clk 0:32:11]} Rd8 {[%clk 0:38:47]} 25. Bd5 {[%clk 0:30:10]} Nb8
{[%clk 0:35:34]} 26. b4 {[%clk 0:24:12]} Qd6 {[%clk 0:29:50]} 27. Rf7+ {[%clk
0:16:36]} Bd7 {[%clk 0:25:04]} 28. Bb3 {[%clk 0:15:27]} a5 {[%clk 0:04:28]}
1/2-1/2

[Event "DEM U12w 2021"]
[Site "Willingen GER"]
[Date "2021.08.27"]
[Round "7"]
[White "Niederdorfer, Mathilda"]
[Black "Neumeier, Valentina"]
[Result "0-1"]
[Termination "normal"]
[Board "19"]
[WhiteElo "1264"]
[BlackElo "1128"]
[WhiteClock "01:24:44"]
[BlackClock "01:05:27"]
[PlyCount "26"]
[WhiteFideId "16275845"]
[BlackFideId "34608222"]
[EventCountry "GER"]
[EventRounds "9"]
[EventType "swiss"]
[EventDate "2021.08.22"]

1. e4 {[%clk 1:31:00]} e5 {[%clk 1:30:54]} 2. Nf3 {[%clk 1:31:21]} Nc6 {[%clk
1:31:19]} 3. Bc4 {[%clk 1:31:43]} Bc5 {[%clk 1:31:42]} 4. d4 {[%clk 1:32:09]}
Bxd4 {[%clk 1:31:54]} 5. Nxd4 {[%clk 1:32:33]} Nxd4 {[%clk 1:32:00]} 6. Be3
{[%clk 1:32:51]} Nc6 {[%clk 1:31:44]} 7. Nc3 {[%clk 1:33:02]} Nf6 {[%clk
1:31:24]} 8. g4 {[%clk 1:25:45]} d6 {[%clk 1:21:54]} 9. g5 {[%clk 1:26:07]} Nd7
{[%clk 1:16:50]} 10. Qd2 {[%clk 1:26:03]} Nb6 {[%clk 1:06:28]} 11. O-O-O {[%clk
1:26:11]} Nxc4 {[%clk 1:06:38]} 12. Qe2 {[%clk 1:24:22]} Nxe3 {[%clk 1:05:27]}
13. Qxe3 {[%clk 1:24:44]} Be6 0-1

[Event "DEM U12w 2021"]
[Site "Willingen GER"]
[Date "2021.08.27"]
[Round "7"]
[White "Hesse, Sariana"]
[Black "Kopylov, Diana"]
[Result "0-1"]
[Termination "normal"]
[Board "20"]
[WhiteElo "997"]
[BlackElo "1007"]
[WhiteClock "00:57:07"]
[BlackClock "00:14:51"]
[PlyCount "70"]
[WhiteFideId "34605843"]
[BlackFideId "16268865"]
[EventCountry "GER"]
[EventRounds "9"]
[EventType "swiss"]
[EventDate "2021.08.22"]

1. e4 {[%clk 1:30:57]} c5 {[%clk 1:30:55]} 2. Nf3 {[%clk 1:31:23]} d6 {[%clk
1:31:19]} 3. d4 {[%clk 1:31:40]} cxd4 {[%clk 1:31:44]} 4. Nxd4 {[%clk 1:32:03]}
Nf6 {[%clk 1:32:09]} 5. Nc3 {[%clk 1:32:20]} g6 {[%clk 1:32:33]} 6. Be2 {[%clk
1:32:36]} Bg7 {[%clk 1:32:53]} 7. O-O {[%clk 1:32:57]} O-O {[%clk 1:33:17]} 8.
Be3 {[%clk 1:33:20]} Nc6 {[%clk 1:33:17]} 9. Nb3 {[%clk 1:33:32]} Bd7 {[%clk
1:33:19]} 10. Kh1 {[%clk 1:33:16]} a6 {[%clk 1:31:54]} 11. f4 {[%clk 1:33:03]}
b5 {[%clk 1:28:31]} 12. Bf3 {[%clk 1:32:43]} Rb8 {[%clk 1:17:24]} 13. Qe1
{[%clk 1:31:34]} Nb4 {[%clk 1:03:17]} 14. Qf2 {[%clk 1:29:24]} Qc7 {[%clk
1:00:41]} 15. a3 {[%clk 1:22:57]} Nc6 {[%clk 0:56:20]} 16. Qh4 {[%clk 1:15:40]}
Rfe8 {[%clk 0:50:03]} 17. Be2 {[%clk 1:12:57]} e6 {[%clk 0:45:49]} 18. Nd4
{[%clk 1:12:15]} Nxe4 {[%clk 0:37:35]} 19. Rad1 {[%clk 1:09:36]} Nf6 {[%clk
0:32:05]} 20. Bg4 {[%clk 1:07:38]} Nxg4 {[%clk 0:30:57]} 21. Qxg4 {[%clk
1:07:35]} e5 {[%clk 0:30:53]} 22. Ncxb5 {[%clk 1:07:02]} axb5 {[%clk 0:30:22]}
23. Qh4 {[%clk 1:07:04]} exd4 {[%clk 0:29:47]} 24. Bd2 {[%clk 1:06:51]} d3
{[%clk 0:28:39]} 25. cxd3 {[%clk 1:06:37]} Bxb2 {[%clk 0:28:34]} 26. Rf3 {[%clk
1:05:08]} Nd4 {[%clk 0:27:25]} 27. Rff1 {[%clk 1:02:04]} Re2 {[%clk 0:25:22]}
28. Bb4 {[%clk 1:01:46]} Bc6 {[%clk 0:22:49]} 29. Rf2 {[%clk 1:00:16]} Rbe8
{[%clk 0:21:25]} 30. Qg3 {[%clk 0:59:11]} Qe7 {[%clk 0:17:58]} 31. f5 {[%clk
0:58:17]} Rxf2 {[%clk 0:15:51]} 32. Qxf2 {[%clk 0:58:30]} Nxf5 {[%clk 0:16:04]}
33. Qxb2 {[%clk 0:58:30]} Nh4 {[%clk 0:14:37]} 34. Qd2 {[%clk 0:57:04]} Bxg2+
{[%clk 0:14:30]} 35. Kg1 {[%clk 0:57:07]} Nf3+ {[%clk 0:14:51]} 0-1

[Event "DEM U12w 2021"]
[Site "Willingen GER"]
[Date "2021.08.28"]
[Round "8"]
[White "Müller, Riyanna"]
[Black "Lorenz, Veronika"]
[Result "1-0"]
[Termination "normal"]
[Board "1"]
[WhiteElo "1421"]
[BlackElo "1395"]
[WhiteClock "01:03:55"]
[BlackClock "00:04:34"]
[PlyCount "47"]
[WhiteFideId "16287401"]
[BlackFideId "16277406"]
[EventCountry "GER"]
[EventRounds "9"]
[EventType "swiss"]
[EventDate "2021.08.22"]

1. e4 {[%clk 1:30:54]} e5 {[%clk 1:30:52]} 2. Nf3 {[%clk 1:31:12]} Nc6 {[%clk
1:31:15]} 3. Bc4 {[%clk 1:31:14]} Nf6 {[%clk 1:31:20]} 4. d3 {[%clk 1:31:00]}
Bc5 {[%clk 1:31:08]} 5. Nc3 {[%clk 1:30:37]} O-O {[%clk 1:31:06]} 6. a3 {[%clk
1:30:14]} a5 {[%clk 1:28:01]} 7. Ba2 {[%clk 1:27:51]} h6 {[%clk 1:23:48]} 8. h3
{[%clk 1:25:26]} d6 {[%clk 1:20:52]} 9. g4 {[%clk 1:23:07]} Nh7 {[%clk
1:13:07]} 10. g5 {[%clk 1:21:36]} hxg5 {[%clk 1:08:55]} 11. Rg1 {[%clk
1:21:03]} Nd4 {[%clk 0:52:28]} 12. Nxg5 {[%clk 1:12:38]} Nf6 {[%clk 0:45:47]}
13. Nf3 {[%clk 1:09:26]} Nxf3+ {[%clk 0:36:18]} 14. Qxf3 {[%clk 1:09:46]} Kh8
{[%clk 0:35:44]} 15. Bg5 {[%clk 1:08:08]} c6 {[%clk 0:31:43]} 16. Qg3 {[%clk
1:07:31]} Nh5 {[%clk 0:19:31]} 17. Qh4 {[%clk 1:07:36]} Qb6 {[%clk 0:13:42]}
18. Qxh5+ {[%clk 1:06:11]} Kg8 {[%clk 0:14:07]} 19. Rg2 {[%clk 1:03:16]} Qxb2
{[%clk 0:08:18]} 20. Bf6 {[%clk 1:03:15]} Qxc3+ {[%clk 0:08:23]} 21. Kf1 {[%clk
1:03:40]} Qxa1+ {[%clk 0:07:49]} 22. Ke2 {[%clk 1:04:05]} Bg4+ {[%clk 0:06:04]}
23. Rxg4 {[%clk 1:03:55]} Qxa2 {[%clk 0:04:34]} 24. Rxg7# 1-0

[Event "DEM U12w 2021"]
[Site "Willingen GER"]
[Date "2021.08.28"]
[Round "8"]
[White "Sickmann, Lisa"]
[Black "Burlutskaia, Maria"]
[Result "0-1"]
[Termination "normal"]
[Board "2"]
[WhiteElo "1462"]
[BlackElo "1337"]
[WhiteClock "00:03:58"]
[BlackClock "00:44:17"]
[PlyCount "82"]
[WhiteFideId "16267818"]
[BlackFideId "34607137"]
[EventCountry "GER"]
[EventRounds "9"]
[EventType "swiss"]
[EventDate "2021.08.22"]

1. e4 {[%clk 1:30:57]} d6 {[%clk 1:30:54]} 2. d4 {[%clk 1:31:23]} Nf6 {[%clk
1:31:20]} 3. Nc3 {[%clk 1:31:48]} Nbd7 {[%clk 1:31:45]} 4. Nf3 {[%clk 1:32:11]}
e5 {[%clk 1:32:08]} 5. g3 {[%clk 1:32:13]} exd4 {[%clk 1:31:45]} 6. Nxd4 {[%clk
1:31:38]} g6 {[%clk 1:30:23]} 7. Bg2 {[%clk 1:31:42]} Bg7 {[%clk 1:30:31]} 8.
O-O {[%clk 1:32:01]} O-O {[%clk 1:30:24]} 9. h3 {[%clk 1:31:48]} Re8 {[%clk
1:29:39]} 10. g4 {[%clk 1:29:40]} Nc5 {[%clk 1:27:51]} 11. Re1 {[%clk 1:26:24]}
d5 {[%clk 1:25:27]} 12. exd5 {[%clk 1:05:10]} Rxe1+ {[%clk 1:22:03]} 13. Qxe1
{[%clk 1:05:12]} Nxg4 {[%clk 1:22:02]} 14. Ndb5 {[%clk 1:04:17]} Nf6 {[%clk
1:19:45]} 15. Bf4 {[%clk 1:03:35]} Ne8 {[%clk 1:17:48]} 16. Qe3 {[%clk
1:01:49]} Na6 {[%clk 1:03:38]} 17. Re1 {[%clk 0:42:51]} Bd7 {[%clk 1:02:30]}
18. Qe7 {[%clk 0:32:25]} Qxe7 {[%clk 1:01:10]} 19. Rxe7 {[%clk 0:32:03]} Bxb5
{[%clk 0:58:01]} 20. Nxb5 Kf8 {[%clk 0:57:22]} 21. d6 {[%clk 0:27:21]} Bf6
{[%clk 0:49:23]} 22. Bxb7 {[%clk 0:25:48]} Rb8 {[%clk 0:49:32]} 23. dxc7 {[%clk
0:25:58]} Naxc7 {[%clk 0:47:23]} 24. Bxc7 {[%clk 0:25:07]} Rxb7 {[%clk
0:47:33]} 25. Rxe8+ {[%clk 0:22:20]} Kxe8 {[%clk 0:45:30]} 26. Nd6+ {[%clk
0:22:40]} Kd7 {[%clk 0:45:54]} 27. Nxb7 {[%clk 0:22:48]} Kxc7 {[%clk 0:46:19]}
28. Nc5 {[%clk 0:23:02]} Bxb2 {[%clk 0:46:42]} 29. Kf1 {[%clk 0:23:09]} Kd6
{[%clk 0:46:25]} 30. Nd3 {[%clk 0:22:14]} Bc3 {[%clk 0:45:30]} 31. Ke2 {[%clk
0:20:37]} Kc6 {[%clk 0:43:21]} 32. Nf4 {[%clk 0:10:12]} Be5 {[%clk 0:43:13]}
33. Ke3 {[%clk 0:07:45]} Bxf4+ {[%clk 0:43:24]} 34. Kxf4 {[%clk 0:08:00]} f6
{[%clk 0:43:46]} 35. h4 {[%clk 0:07:33]} Kc5 {[%clk 0:43:29]} 36. Ke3 {[%clk
0:07:10]} Kc4 {[%clk 0:43:27]} 37. Kd2 {[%clk 0:07:14]} h6 {[%clk 0:43:24]} 38.
f3 {[%clk 0:03:55]} g5 {[%clk 0:43:23]} 39. h5 {[%clk 0:04:14]} f5 {[%clk
0:43:48]} 40. a3 {[%clk 0:04:02]} a5 {[%clk 0:43:57]} 41. c3 {[%clk 0:03:58]}
a4 {[%clk 0:44:17]} 0-1

[Event "DEM U12w 2021"]
[Site "Willingen GER"]
[Date "2021.08.28"]
[Round "8"]
[White "Neininger, Sarah"]
[Black "Moldovan, Tatiana"]
[Result "1-0"]
[Termination "normal"]
[Board "4"]
[WhiteElo "1434"]
[BlackElo "1437"]
[WhiteClock "00:43:54"]
[BlackClock "00:55:29"]
[PlyCount "53"]
[WhiteFideId "16287410"]
[BlackFideId "16287398"]
[EventCountry "GER"]
[EventRounds "9"]
[EventType "swiss"]
[EventDate "2021.08.22"]

1. e4 {[%clk 1:30:55]} c5 {[%clk 1:30:29]} 2. Nf3 {[%clk 1:31:12]} a6 {[%clk
1:30:30]} 3. Nc3 {[%clk 1:31:14]} e6 {[%clk 1:30:40]} 4. d4 {[%clk 1:31:24]}
cxd4 {[%clk 1:30:51]} 5. Nxd4 {[%clk 1:31:35]} Qc7 {[%clk 1:30:53]} 6. Bd3
{[%clk 1:31:27]} Nc6 {[%clk 1:29:48]} 7. Nb3 {[%clk 1:30:03]} Nge7 {[%clk
1:29:11]} 8. f4 {[%clk 1:28:13]} Ng6 {[%clk 1:26:50]} 9. Qf3 {[%clk 1:21:31]}
Be7 {[%clk 1:23:36]} 10. Be3 {[%clk 1:18:21]} Nb4 {[%clk 1:20:39]} 11. O-O
{[%clk 1:10:56]} Nxd3 {[%clk 1:17:09]} 12. cxd3 {[%clk 1:11:09]} f5 {[%clk
1:17:15]} 13. Bd4 {[%clk 1:06:29]} O-O {[%clk 1:14:23]} 14. Rac1 {[%clk
0:58:27]} fxe4 {[%clk 1:12:02]} 15. Qxe4 {[%clk 0:50:47]} Rxf4 {[%clk 1:11:06]}
16. Nd5 {[%clk 0:44:59]} exd5 {[%clk 1:09:23]} 17. Qxd5+ {[%clk 0:45:01]} Kh8
{[%clk 1:08:12]} 18. Rxc7 {[%clk 0:45:14]} Rxf1+ {[%clk 1:06:39]} 19. Kxf1
{[%clk 0:45:34]} Bf8 {[%clk 1:05:04]} 20. Qf7 {[%clk 0:43:39]} b5 {[%clk
1:03:41]} 21. h4 {[%clk 0:43:28]} Bb7 {[%clk 0:59:27]} 22. Rxb7 {[%clk
0:43:20]} Nxh4 {[%clk 0:59:08]} 23. Rxd7 {[%clk 0:43:26]} Nf5 {[%clk 0:58:34]}
24. Qxf5 {[%clk 0:43:27]} a5 {[%clk 0:55:15]} 25. Qf7 {[%clk 0:43:33]} a4
{[%clk 0:55:10]} 26. Bxg7+ {[%clk 0:43:54]} Bxg7 {[%clk 0:55:29]} 27. Qxg7# 1-0